| 000 | 01384nam0a22003011 4500 | ||
|---|---|---|---|
| 001 | rc\1851799 | ||
| 005 | 20260406104526.0 | ||
| 035 | _a(NLR Aleph) 005290565 | ||
| 090 |
_a6185920 _c6185920 |
||
| 100 | _a20080221d1914 |||y0rusy50 ca | ||
| 101 | 0 | _arus | |
| 102 | _aRU | ||
| 105 | _ay z |||f| | ||
| 200 | 1 |
_aКак теща заживо похоронила зятя _eрассказ _f[Проходимец] |
|
| 210 |
_aМосква _cтипография Ф.И. Филатова _d1914 |
||
| 215 |
_aXVI с. _d19 |
||
| 300 | _aПсевдоним автора указан в конце текста; установлен по изданию: Указатель заглавий произведений художественной литературы, 1801-1975. - Москва, 1989. - Т. 3, с. 62 | ||
| 300 | _aЗаглавие обложки: Как теща заживо похоронила своего зятя | ||
| 512 | 1 | _aКак теща заживо похоронила своего зятя | |
| 700 | 1 |
_8rus _7ca _aЗотов _bМ. _cписатель _gМихаил _3RU\NLR\AUTH\7796255 _979181 |
|
| 790 | 0 | _aПроходимец | |
| 801 | 0 |
_aRU _bNLR _c20080221 _gpsbo |
|
| 801 | 0 |
_aRU _bRuMoRGB _c20080221 _2psbo |
|
| 801 | 1 |
_aRU _bProSoft-M _c20080221 _2rusmarc |
|
| 801 | 2 |
_aRU _bNLR _c20130122 _2rusmarc |
|
| 852 |
_aNLR _j40.14.7.2 |
||
| 942 | _cBOOK | ||
| 980 | _aNB | ||